000 00481pab a2200181 454500
008 180718b1999 xxu||||| |||| 00| 0 eng d
100 _aMishra, R.K.
245 _aVenture capital: case study of biotechnology pharmaceutical company
260 _c1999
300 _ap.405-10
362 _aOct-Dec
650 _aCase studies
650 _aVenture capital - India
650 _aJoint ventures - India
650 _aVenture capital
773 _aProductivity
909 _a44168
999 _c44168
_d44168